1738 1833 1925 1618 1847 1549 1513 1136 1874 1487 1056 1270 1327 1258 1025 1338 1085 1481 1054 1773 1407 1668 1065 1615 1867 1943 1587 1290 1047 1649 1503 1836 1157 1599 1416 1113 1692 1744 1585 1698 1460 1374 1852 1961 1213 1972 1597 1304 1124 1967 1274 1364 1862 1724 1466 1899 1061 1973 1939 1813 1543 1868 1591 1895 1074 1255 1943 1314 1727 1250 1460 1119 1423 1434 1025 1513 1030 1709 1552 1337 1465 1976 1211 1211 1327 1131 1612 1308 1343 1396 1990 1937 1290 1642 1249 1469 1571 1122 1734 BCNSPRNW ULIB Ver.6.0+V

เปลี่ยนเป็นภาษาไทย

Change to English
 แสดงรายละเอียดบรรณานุกรม
  กลับหน้าหลัก

Brief Record : Get Marc (ISO 2709) : E-mail record : QR code < ปิดหน้าต่าง
LEADER : 00000nam 2200000uu 4500
001    13399111825
003     ULIB
008    110708s2551||||th 000 0 tha d
020    9786115140145
050  4 DS583^bม113ป 2551
100 0  มงกุฎเกล้าเจ้าอยู่หัว,^cพระบาทสมเด็จพระ,^d2423-2468
245 10 ประมวลนิทาน ร. 6 /^cพระนิพนธ์;พระบาทสมเด็จพระมงกุฎเกล้าเจ้าอยู่หัว
260    กรุงเทพฯ :^bไทยควอลิตี้บุคส์,^c2551
300    423 หน้า :^bภาพประกอบ ;^c21 ซม.
600 07 มงกุฎเกล้าเจ้าอยู่หัว,^cพระบาทสมเด็จพระ,^d2423-2468^xพระราชนิพนธ์
650  4 นิทาน^zไทย
945    ^p260^l0^i027547
995    ทศพร
999 ^a ใช้งานได้ทุกระบบ
รายการนี้ยังไม่มีแท็ก
คุณยังไม่ได้ล็อกอิน คุณสามารถมีกิจกรรมร่วมกับเว็บไซต์ได้ แต่ต้องล็อกอินก่อน ::
  ล็อกอิน

รายการสื่อสารสนเทศ

ลำดับที่ ประเภท เลขเรียก/บาร์โค้ด สถานที่ สถานะ
- ไม่พบข้อมูล -

BibComment


ยังไม่เคยถูกคอมเมนท์

คอมเมนท์ทรัพยากรรายการนี้
  คอมเมนท์: ประมวลนิทาน ร 6 ..


 Copyright 2026. Bcnsprnw @Library